000 01203nam0a22002651 4500
001 rc\491173
005 20260407114123.0
035 _a(NLR Aleph) 005733105
090 _a7599876
_c7599876
100 _a20030616d1987 |||y0rusy50 ca
101 0 _arus
102 _aRU
105 _ay |||||||||
200 1 _aМетодические рекомендации по планированию и нормированию освоения новых видов продукции на заводах ЖБИ и КПД
_fЦНИИ экономики и управления стр-вом
_g[Разработчики Г.В. Николаева и др.]
210 _aМ.
_cЦНИИЭУС
_d1987
215 _a54 с.
_d21
320 _aБиблиогр.: с. 18 (10 назв.)
702 1 _4570
_7ca
_8rus
_aНиколаева
_bГ. В.
_cканд. экон. наук
_gГалина Викторовна
_9231716
_3RU\NLR\AUTH\770231772
712 0 2 _aЦНИИ экономики и управления строительством
_cМосква
_9388219
_3RU\NLR\AUTH\889946314
801 0 _aRU
_bNLR
_gpsbo
801 1 _aRU
_bELAR
_2rusmarc
852 _aNLR
_j87-3/12341
942 _cBOOK
980 _aNB